000 00451cam a2200181ua 4500
020 _c8.60
041 _aeng
_h
082 _a621.8
_bMCQ/EX
100 _aMcqueen, H .
245 _aExamples in mechanical engineering science /
_cH Mcqueen.
_hTextual Documents
250 _a1 /
_b.
260 _aLondon :
_bEnglish Universities Press ,
_c1961.
300 _a212 ; .
365 _a8.60
504 _a
942 _cBK
999 _c9281
_d9281